Countries that Spend the Most on Healthcare - Statistics

General Stats
  • This quiz has been taken 290 times
  • The average score is 10 of 20
Answer Stats
% of GDP Answer % Correct
16.57% United States
97%
11.34% United Kingdom
94%
11.15% Canada
93%
12.31% France
91%
12.65% Germany
89%
10.82% Japan
87%
11.80% Switzerland
83%
11.04% Belgium
79%
11.29% Netherlands
78%
12.10% Austria
75%
13.06% Nauru
26%
14.81% Kiribati
25%
12.55% Marshall Islands
25%
10.96% Micronesia
25%
16.38% Palau
25%
19.97% Tuvalu
24%
11.44% Timor Leste
13%
12.34% Armenia
9%
21.83% Afghanistan
6%
16.62% Liberia
3%
No matching quizzes found
Score Distribution
Percent of People with Each Score
Percentile by Number Answered
Your Score History
You have not taken this quiz